বিশ্ব-সভ্যতায় মুসলিমের দান / (Record no. 41941)
[ view plain ]
| 000 -LEADER | |
|---|---|
| fixed length control field | 00796nam a2200241 a 4500 |
| 001 - CONTROL NUMBER | |
| control field | 41941 |
| 003 - CONTROL NUMBER IDENTIFIER | |
| rucl marc code | BD-RjUL |
| 005 - DATE AND TIME OF LATEST TRANSACTION | |
| control field | 20211209053455.0 |
| 008 - FIXED-LENGTH DATA ELEMENTS--GENERAL INFORMATION | |
| fixed length control field | 160607s1955 bg ||||| |||| 00| 0 ben d |
| 020 ## - INTERNATIONAL STANDARD BOOK NUMBER | |
| Terms of availability | : PRs 3.00 |
| 035 ## - SYSTEM CONTROL NUMBER | |
| System control number | (BD-RjUL)42059 |
| 040 ## - CATALOGING SOURCE | |
| Original cataloging agency | BD-RjUL |
| Language of cataloging | ben |
| Transcribing agency | BD-RjUL |
| 041 ## - LANGUAGE CODE | |
| Language code of text/sound track or separate title | ben |
| 082 ## - DEWEY DECIMAL CLASSIFICATION NUMBER | |
| Edition number | 23 |
| Classification number | 297 |
| Author mark and year | ALB 1955 |
| 100 ## - MAIN ENTRY--PERSONAL NAME | |
| Personal name | আলী, মুজাফফর |
| 9 (RLIN) | 128895 |
| 245 10 - TITLE STATEMENT | |
| Title | বিশ্ব-সভ্যতায় মুসলিমের দান / |
| Statement of responsibility, etc. | মুজাফফর আলী |
| 250 ## - EDITION STATEMENT | |
| Edition statement | ৪র্থ সং. |
| 260 ## - PUBLICATION, DISTRIBUTION, ETC. (IMPRINT) | |
| Place of publication, distribution, etc. | ঢাকা : |
| Name of publisher, distributor, etc. | এম.এ. কাদির, |
| Date of publication, distribution, etc. | ১৯৫৫ |
| 300 ## - PHYSICAL DESCRIPTION | |
| Pagination | [৮], ১৯২ পৃ. ; |
| Size | ১৮ সেমি. |
| 650 ## - SUBJECT ADDED ENTRY--TOPICAL TERM | |
| Topical term or geographic name as entry element | ইসলাম |
| 9 (RLIN) | 128903 |
| Topical term or geographic name as entry element | Islam |
| 9 (RLIN) | 128904 |
| 942 ## - ADDED ENTRY ELEMENTS (KOHA) | |
| Source of classification or shelving scheme | Dewey Decimal Classification |
| Koha item type | Books |
| Lost status | Source of classification or shelving scheme | Damaged status | Not for loan | Collection code | Permanent Location | Current Location | Shelving location | Date acquired | Source of acquisition | Cost, normal purchase price | Total Checkouts | Full call number | Date last seen | Date checked out | Copy number | Koha item type |
|---|---|---|---|---|---|---|---|---|---|---|---|---|---|---|---|---|
| Dewey Decimal Classification | Non-fiction | Central Library, University of Rajshahi | Central Library, University of Rajshahi | 11/08/1965 | Lekhok | 2.50 | 2 | B 297 ALB 1955 | 23/02/2022 | 16/01/2022 | C-2 | Books | ||||
| Dewey Decimal Classification | Non-fiction | Central Library, University of Rajshahi | Central Library, University of Rajshahi | 11/08/1965 | N/A | 1 | B 297 ALB 1955 | 07/08/2018 | 25/07/2018 | C-3 | Books |